<?xml version="1.0" encoding="UTF-8"?>
<record
    xmlns:xsi="http://www.w3.org/2001/XMLSchema-instance"
    xsi:schemaLocation="http://www.loc.gov/MARC21/slim http://www.loc.gov/standards/marcxml/schema/MARC21slim.xsd"
    xmlns="http://www.loc.gov/MARC21/slim">

  <leader>01760    a2200229   4500</leader>
  <controlfield tag="001">47416</controlfield>
  <controlfield tag="005">20260407155741.0</controlfield>
  <controlfield tag="008">260407a1975    arg                 spa d</controlfield>
  <controlfield tag="003">AR-UNSa-BCEJYS</controlfield>
  <datafield tag="040" ind1=" " ind2=" ">
    <subfield code="a">AR-UNSa-BCEJYS</subfield>
    <subfield code="b">spa</subfield>
    <subfield code="c">AR-UNSa-BCEJYS</subfield>
  </datafield>
  <datafield tag="080" ind1=" " ind2=" ">
    <subfield code="a">330</subfield>
    <subfield code="x">Econom&#xED;a en general</subfield>
  </datafield>
  <datafield tag="245" ind1="1" ind2="0">
    <subfield code="a">Teor&#xED;a econ&#xF3;mica y econom&#xED;a pol&#xED;tica</subfield>
  </datafield>
  <datafield tag="020" ind1=" " ind2=" ">
    <subfield code="a">84-270-0288-2</subfield>
  </datafield>
  <datafield tag="264" ind1=" " ind2="1">
    <subfield code="a">Barcelona :</subfield>
    <subfield code="b">Ediciones Mart&#xED;nez Roca</subfield>
    <subfield code="c">1975</subfield>
  </datafield>
  <datafield tag="300" ind1=" " ind2=" ">
    <subfield code="a">278 p.</subfield>
    <subfield code="c">20 cm.</subfield>
  </datafield>
  <datafield tag="505" ind1=" " ind2=" ">
    <subfield code="a">Parte I: 1. La ense&#xF1;anza de la econom&#xED;a - 2. Preludio a una cr&#xED;tica de la teor&#xED;a econ&#xF3;mica - 3. Modelos de crecimiento de equilibrio - 4. Precios de los factores no igualados - 5. Solow y la tasa de rendimiento - 6. Comentario de Robinson al comentario de Findlay sobre Robinson - 7. El filo de la navaja de Harrod - 8. La teor&#xED;a prekeynesiana despu&#xE9;s de Keynes - 9. La soberan&#xED;a del consumidor en una econom&#xED;a planificada - 10. Wiles y la econom&#xED;a pol&#xED;tica del consumismo -- Parte II: 11. Kalecki y Keynes - 12. La "Teor&#xED;a general" veinticinco a&#xF1;os m&#xE1;s tarde - 13. Despu&#xE9;s del pleno empleo - 14. El capitalismo en nuestros d&#xED;as - 15. "Liquidez general" - 16. Tipos internos de inter&#xE9;s - 17. La desaparici&#xF3;n definitiva del "Iaissez-faire" -- Parte III: 18. Marxismo: religi&#xF3;n y ciencia - 19. &#xBF;Qu&#xE9; queda del marxismo? - 20. &#xBF;Ha cambiado el capitalismo? - 21. Una reconsideraci&#xF3;n de la teor&#xED;a del valor -- Parte IV: 22. India, 1955: desempleo y planificaci&#xF3;n - 23. China, 1963: las comunas - 24. Corea, 1964: milagro econ&#xF3;mico.</subfield>
  </datafield>
  <datafield tag="942" ind1=" " ind2=" ">
    <subfield code="c">BK</subfield>
  </datafield>
  <datafield tag="590" ind1=" " ind2=" ">
    <subfield code="a">niveau_biblio:m niveau_hierar:0</subfield>
  </datafield>
  <datafield tag="100" ind1="1" ind2=" ">
    <subfield code="a">Bofill, Mireia</subfield>
  </datafield>
  <datafield tag="700" ind1="1" ind2=" ">
    <subfield code="a">Robinson, Joan</subfield>
  </datafield>
  <datafield tag="856" ind1="4" ind2="1">
    <subfield code="u">https://www.biblioeco.unsa.edu.ar/pmb/images/libros/L127497.jpg</subfield>
    <subfield code="y">Imagen de portada</subfield>
    <subfield code="q">image/jpeg</subfield>
  </datafield>
  <datafield tag="999" ind1=" " ind2=" ">
    <subfield code="c">4355</subfield>
    <subfield code="d">4355</subfield>
  </datafield>
  <datafield tag="952" ind1=" " ind2=" ">
    <subfield code="0">0</subfield>
    <subfield code="1">0</subfield>
    <subfield code="4">0</subfield>
    <subfield code="7">0</subfield>
    <subfield code="a">BCEJYS</subfield>
    <subfield code="b">BCEJYS</subfield>
    <subfield code="c">16</subfield>
    <subfield code="d">2026-04-07</subfield>
    <subfield code="l">0</subfield>
    <subfield code="o">330 R655</subfield>
    <subfield code="p">L127497</subfield>
    <subfield code="r">2026-04-07 15:57:41</subfield>
    <subfield code="w">2026-04-07</subfield>
    <subfield code="y">L</subfield>
  </datafield>
</record>
